LEADER 01264cam0-22004331i-450 001 990000119570403321 005 20211019081525.0 010 $a88 7075 184 8 035 $a000011957 035 $aFED01000011957 035 $a(Aleph)000011957FED01 035 $a000011957 100 $a20020821d1988----km-u0itay50------ba 101 0 $aita 102 $aIT 105 $aa-------001yy 200 1 $aAnalisi e indicizzazione dei documenti$el'accesso per soggetto all'informazione$fRossella Caffo 210 $aMilano$cEditrice Bibliografica$dc1988 215 $a243 p.$cill.$d21 cm 225 1 $aBibliografia e biblioteconomia$v31 610 0 $aCatalogazione a soggetto 676 $a025.47 676 $a025.4 700 1$aCaffo,$bRossella$f<1950- >$0333409 801 0$aIT$bUNINA$gRICA$2UNIMARC 901 $aBK 912 $a990000119570403321 952 $aXXX COD. 118 (31)$b6346$fFSPBC 952 $aXIX E 4 (31)$b9622*$fFGBC 952 $a020.7 BIB. BIBL. (31)$bBIBL. 4864$fFLFBC 952 $a13 U 02 14$b6972$fFINBC 952 $aBIBL B 327$b2382$fFARBC 959 $aFINBC 959 $aFSPBC 959 $aFGBC 959 $aFARBC 959 $aFLFBC 996 $aAnalisi e indicizzazione dei documenti$9114936 997 $aUNINA LEADER 01106nam a2200301 i 4500 001 991001323309707536 005 20020507191343.0 008 000210s1994 de ||| | eng 020 $a3540571078 035 $ab10831526-39ule_inst 035 $aLE01310509$9ExL 040 $aDip.to Matematica$beng 041 0 $aengger 082 0 $a510 084 $aQA331.7.G7425 100 1 $aGrauert, Hans$011924 245 10$aSelected papers /$cHans Grauert 260 $aBerlin :$bSpringer-Verlag,$c1994 300 $a2 v. ;$c25 cm. 500 $aIncludes bibliographical references and index 650 4$aFunctions of several complex variables 907 $a.b10831526$b21-09-06$c28-06-02 912 $a991001323309707536 945 $aLE013 01A75 GRA21 V.I (1994)$cV. 1$g1$i2013000121109$lle013$o-$pE0.00$q-$rl$s- $t0$u0$v0$w0$x0$y.i10940455$z28-06-02 945 $aLE013 01A75 GRA21 V.II (1994)$cV. 2$g1$i2013000121116$lle013$o-$pE0.00$q-$rl$s- $t0$u0$v0$w0$x0$y.i10940467$z28-06-02 996 $aSelected papers$9923736 997 $aUNISALENTO 998 $ale013$b01-01-00$cm$da $e-$feng$gde $h0$i2